Profile: Oprah Winfrey Quiz Stats

 Plays Quiz Updated Jan 28, 2015

Challenge
Share
Tweet
Embed
Score 0/21 Timer 03:00
0 Plays Today
Trivia Answers % Correct
Mostly films her shows in this cityChicago
84.6%
This guest famously jumped up and down on Oprah's CouchTom Cruise
83.1%
This psychologist has appeared on her show over 100 timesDr. Phil McGraw
76.9%
Won an Oscar Nomination for this movieThe Color Purple
76.3%
President of this production companyHarpo
69.3%
Network started in 2011OWN
66%
Longtime partnerStedman Graham
62.2%
Best friendGayle King
59.1%
In this stateMississippi
58.2%
Year of birth1954
57.6%
Number 1 talk show for _____ consecutive seasons24
57.3%
Trivia Answers % Correct
Last show aired onMay 25, 2011
41.5%
Originally named ______ from the book of Ruth in the BibleOrpah
33.4%
This guest apologized to Oprah after admitting to fabricating sections of his book 'A Million Little Pieces'James Frey
27.3%
Co-founded this networkOxygen
23.8%
Full nameOprah Gail Winfrey
12.1%
Most frequent celebrity female guestCeline Dion
9.7%
Most frequent celebrity male guestChris Rock
7.1%
Graduated from this university with a BATennessee State University
5.6%
Title of the first Book Club selectionThe Deep End of the Ocean
3.3%
Voted 'Miss __________________' in 1971Fire Prevention
2.7%

You're not logged in!

Compare scores with friends on all Sporcle quizzes.
Join for Free
OR
Log In

You Might Also Like...

Show Comments

Extras

Top Quizzes Today


Score Distribution

Your Account Isn't Verified!

In order to create a playlist on Sporcle, you need to verify the email address you used during registration. Go to your Sporcle Settings to finish the process.

Report this User

Report this user for behavior that violates our Community Guidelines.

Details: